Countries Closest to Baku - Statistics

General Stats
  • This quiz has been taken 120 times
  • The average score is 19 of 20
Answer Stats
Distance (km) Distance (mi) Country % Correct
182 113 Russia
100%
296 184 Armenia
99%
170 106 Iran
99%
439 273 Turkey
99%
0 0 Azerbaijan
98%
282 175 Georgia
98%
570 354 Iraq
98%
1,465 (1,492)* 910 (926)* Israel
97%
741 461 Syria
97%
242 150 Turkmenistan
96%
527 327 Uzbekistan
96%
1,256 780 Jordan
95%
265 165 Kazakhstan
95%
1,344 835 Lebanon
95%
1,133 704 Afghanistan
94%
1,246 774 Saudi Arabia
94%
1,434 891 Cyprus
91%
1,161 722 Kuwait
90%
1,498 931 Tajikistan
90%
1,155 718 Ukraine
90%
No matching quizzes found
Score Distribution
Percent of People with Each Score
Percentile by Number Answered
Your Score History
You have not taken this quiz